• 首页
  • 本馆介绍
  • 公告通知
  • 最新文献
  • 馆藏检索
  • 电子资源
  • 读者导购
  • 参考咨询
  • 我的图书馆
  • 登录
  • 详细信息显示
  • 放入我的书架
  • 预约/预借图书
  • 作者相关作品
  • 分类相关作品
  • 丛书相关作品
  • 出版社相关作品

书目信息

  • 表格格式
  • 工作单格式
  • 卡片格式
题名:
电路与模拟电子技术基础
    
 
作者: 杨凌 主编
分册:  
出版信息: 北京   清华大学出版社  2020.1
页数: 15,246页
开本: 26cm
丛书名:
单 册:
中图分类: TN7 , TN710.4
科图分类:
主题词: 电子电路--高等学校--教材 , 模拟电路--电子技术--高等学校--教材
电子资源:
ISBN: 978-7-302-47269-8
000 01280nam0 2200289 45
001 012001000077
005 20140910142233.0
010    @a978-7-302-47269-8@dCNY49.00
100    @a20171211d2017 em y0chiy50 ea
101 0  @achi
102    @aCN@b110000
105    @aa z 000yy
106    @ar
200 1  @a电路与模拟电子技术基础@Adian lu yu mo ni dian zi ji shu ji chu@dFundamentals of circuit and analog electronic technology@f杨凌主编@zeng
210    @a北京@c清华大学出版社@d2020.1
215    @a15,246页@c图@d26cm
300    @a教育部高等学校电子信息类专业教学指导委员会规划教材 高等学校电子信息类专业系列教材 兰州大学教材建设基金资助教材
300    @a并列题名:Fundamentals of circuit and analog electronic technology
330    @a本书介绍了电路理论基础和模拟电子技术基础的主要内容,包括直流电路、正弦交流电路、常用半导体器件、放大电路基础、集成运算放大器、放大电路中的负反馈、集成运算放大器的应用、直流稳压电源、在系统可编程模拟器件及其开发平台。
510 1  @aFundamentals of circuit and analog electronic technology@zeng
606 0  @a电子电路@x高等学校@j教材
606 0  @a模拟电路@x电子技术@x高等学校@j教材
690    @aTN7@v5
690    @aTN710.4@v5
701  0 @a杨凌@Ayang ling@4主编
801  0 @aCN@bBJSDL@c20211011
905    @b1330284-6@dTN7@e389@f3
    
    电路与模拟电子技术基础=Fundamentals of circuit and analog electronic technology/杨凌主编.-北京:清华大学出版社,2020.1
    15,246页:图;26cm
    教育部高等学校电子信息类专业教学指导委员会规划教材 高等学校电子信息类专业系列教材 兰州大学教材建设基金资助教材.-并列题名:Fundamentals of circuit and analog electronic technology
    
    ISBN 978-7-302-47269-8:CNY49.00
    本书介绍了电路理论基础和模拟电子技术基础的主要内容,包括直流电路、正弦交流电路、常用半导体器件、放大电路基础、集成运算放大器、放大电路中的负反馈、集成运算放大器的应用、直流稳压电源、在系统可编程模拟器件及其开发平台。
●
相关链接 在E读中查询图书 在五车中查询图书 在当当中查询图书 在豆瓣中查询图书


正题名:电路与模拟电子技术基础     索取号:TN7/389         预约/预借

序号 登录号 条形码 馆藏地/架位号 状态 备注
1 1330284   213302843   第二样本阅览室/ [索取号:TN7/389] 在馆    
2 1330285   213302852   第三借阅区/ [索取号:TN7/389] 在馆    
3 1330286   213302861   第三借阅区/ [索取号:TN7/389] 在馆    
唐山师范学院图书馆 欢迎您!
大连网信软件有限公司© 版权所有